El taller de Maquiavelo / (Registro nro. 14451)

Detalles MARC
000 -LEADER
fixed length control field 00631nam a2200217 a 4500
001 - CONTROL NUMBER
control field 000012730
003 - CONTROL NUMBER IDENTIFIER
control field DO-SdBNP
005 - DATE AND TIME OF LATEST TRANSACTION
control field 20230726093111.0
008 - FIXED-LENGTH DATA ELEMENTS--GENERAL INFORMATION
fixed length control field 091116s1979 dr 000 f spa d
040 ## - CATALOGING SOURCE
Original cataloging agency DO-SdBNP
Language of cataloging spa
Transcribing agency BPMSU
082 #4 - DEWEY DECIMAL CLASSIFICATION NUMBER
Classification number RD863.44
Item number R175t 1979
Edition number 22
100 1# - MAIN ENTRY--PERSONAL NAME
Personal name Ramos Messina, Emmanuel
245 13 - TITLE STATEMENT
Title El taller de Maquiavelo /
Statement of responsibility, etc. Emmanuel Ramos Messina.
260 ## - PUBLICATION, DISTRIBUTION, ETC. (IMPRINT)
Place of publication, distribution, etc. Santo Domingo :
Name of publisher, distributor, etc. Editora Taller,
Date of publication, distribution, etc. 1979.
300 ## - PHYSICAL DESCRIPTION
Extent 84 p. ;
Dimensions 21 cm.
590 ## - LOCAL NOTE (RLIN)
Local note Inventariado, 2023/VM
650 #4 - SUBJECT ADDED ENTRY--TOPICAL TERM
Topical term or geographic name as entry element Novela dominicana
650 #0 - SUBJECT ADDED ENTRY--TOPICAL TERM
Topical term or geographic name as entry element Literatura dominicana.
910 ## - USER-OPTION DATA (OCLC)
User-option data VMateo V. Control de calidad. BPMSU
942 ## - ADDED ENTRY ELEMENTS (KOHA)
Source of classification or shelving scheme Dewey Decimal Classification
Koha item type Libros
Existencias
Withdrawn status Lost status Source of classification or shelving scheme Damaged status Not for loan Collection code Home library Current library Date acquired Total Checkouts Full call number Barcode Date last seen Price effective from Koha item type Copy number
    Dewey Decimal Classification     Colección Dominicana Biblioteca Pública Metropolitana Salomé Ureña Biblioteca Pública Metropolitana Salomé Ureña 07/26/2023   BPMSU CD RD863.44 R175t 1979 BPMSU23070069 07/26/2023 07/26/2023 Libros  
    Dewey Decimal Classification     Colección Dominicana Biblioteca Pública Metropolitana Salomé Ureña Biblioteca Pública Metropolitana Salomé Ureña 07/26/2023   BPMSU CD RD863.44 R175t 1997 BPMSU26010047 01/27/2026 07/26/2023 Libros e.2
    Dewey Decimal Classification     Colección Dominicana Biblioteca Pública Metropolitana Salomé Ureña Biblioteca Pública Metropolitana Salomé Ureña 07/26/2023   BPMSU CD RD863.44 R175t 1997 BPMSU26020038 02/04/2026 07/26/2023 Libros e.3